|
|
|
|
| LEADER |
05092cam a2200733 a 4500 |
| 001 |
01257379 |
| 003 |
GR-PaULI |
| 008 |
991101s1987 gr e b 001 0 gre|c |
| 040 |
|
|
|a GrPaTEI
|b gre
|c GR-PaULI
|
| 041 |
1 |
|
|a gre
|h eng
|
| 050 |
|
4 |
|a JF2011
|b .M6816 1987
|
| 080 |
0 |
|
|a 32(1-773)"19"
|
| 082 |
0 |
4 |
|a 320.4
|2 21
|
| 082 |
0 |
4 |
|a 320.9
|2 21
|
| 082 |
0 |
4 |
|a 320.91716
|2 20
|
| 082 |
0 |
4 |
|a 322.3
|2 22
|
| 082 |
0 |
4 |
|a 323.042
|2 21
|
| 082 |
0 |
4 |
|a 338.9
|2 22
|
| 082 |
0 |
4 |
|a 949.6
|2 21
|
| 084 |
|
|
|a ΕΠΟ 43
|
| 100 |
1 |
|
|a Μουζέλης, Νίκος Π.
|
| 240 |
1 |
0 |
|a Politics in the semi-periphery.
|l Ελληνικά
|
| 245 |
1 |
0 |
|a Κοινοβουλευτισμός και εκβιομηχάνιση στην ημι-περιφέρεια :
|b Ελλάδα, Βαλκάνια, Λατινική Αμερική /
|c Νίκος Μουζέλης ; μετάφραση Βασίλης Καπετανγιάννης.
|
| 260 |
|
|
|a Αθήνα :
|b Θεμέλιο,
|c 1987
|
| 300 |
|
|
|a 387 σ. ;
|c 21 εκ.
|
| 490 |
0 |
|
|a Ιστορική βιβλιοθήκη / Θεμέλιο
|
| 500 |
|
|
|a Μετάφραση του: Politics in the semi-periphery.
|
| 504 |
|
|
|a Περιλαμβάνει βιβλιογραφικές παραπομπές (σ. 365-382) και ευρετήριο
|
| 505 |
0 |
0 |
|g Ευχαριστίες --
|g Γενική εισαγωγή --
|g Κεφάλαιο πρώτο.
|t Τρόποι μετάβασης στη μετα-ολιγαρχική πολιτική: η έκλειψη του ολιγαρχικού κοινοβουλευτισμού στα Βακλάνια και στη Νότια Λατινική Αμερική --
|g Κεφάλαιο δεύτερο.
|t Θεωρητικές συνέπειες I: σύστημα πελατείας και λαϊκισμός ως τρόποι συσσωμάτωσης --
|g Κεφάλαιο τρίτο.
|t Δρόμοι προς τη στρατιωτική δικτατορία: συγκριτικό δοκίμιο για την Αργεντινή, Χιλή και Ελλάδα --
|g Κεφάλαιο τέταρτο.
|t Θεωρητικές συνέπειες II: πραιτωριανισμός, γραφειοκρατικός αυταρχισμός και προβλήματα αναγωγισμού στη μαρξιστική πολιτική θεωρία --
|g Γενικό συμπέρασμα --
|g Βιβλιογραφία --
|g Ευρετήριο.
|
| 650 |
|
4 |
|a Ευρωπαϊκές πολιτικές ιδεολογίες τον 20ό αιώνα
|x ΕΠΟ 43
|
| 650 |
|
7 |
|a Ανταγωνισμός
|2 eurovocgr
|
| 650 |
|
7 |
|a Βαλκάνια
|2 eurovocgr
|
| 650 |
|
7 |
|a Βιομηχανίες
|z Βαλκανική χερσόνησος
|x Ιστορία
|2 lcsh/gre
|
| 650 |
|
7 |
|a Βιομηχανίες
|z Ελλάδα
|x Ιστορία
|2 lcsh/gre
|
| 650 |
|
7 |
|a Βιομηχανίες
|z Νότια Αμερική
|x Ιστορία
|2 lcsh/gre
|
| 650 |
|
7 |
|a Δικτατορία
|2 eurovocgr
|
| 650 |
|
7 |
|a Εκβιομηχάνιση
|2 eurovocgr
|
| 650 |
|
7 |
|a Ελεύθερη οικονομία
|2 eurovocgr
|
| 650 |
|
7 |
|a Ελλάδα
|2 eurovocgr
|
| 650 |
|
7 |
|a Εργατική τάξη
|2 eurovocgr
|
| 650 |
|
7 |
|a Εργατικό κίνημα
|2 eurovocgr
|
| 650 |
|
7 |
|a Καπιταλισμός
|2 eurovocgr
|
| 650 |
|
7 |
|a Κοινοβουλευτική διαδικασία
|2 eurovocgr
|
| 650 |
|
7 |
|a Κοινωνικοοικονομικές συνθήκες
|2 eurovocgr
|
| 650 |
|
7 |
|a Λατινική Αμερική
|2 eurovocgr
|
| 650 |
|
7 |
|a Μαρξισμός
|2 eurovocgr
|
| 650 |
|
7 |
|a Παραγωγή
|2 eurovocgr
|
| 650 |
|
7 |
|a Πολιτική επιστήμη
|2 eurovocgr
|
| 650 |
|
7 |
|a Πολιτική ιδεολογία
|2 eurovocgr
|
| 650 |
|
7 |
|a Στρατιωτικό καθεστώς
|2 eurovocgr
|
| 650 |
|
7 |
|a Στρατός
|2 eurovocgr
|
| 651 |
|
7 |
|a Βαλκανική Χερσόνησος
|x Κοινωνικές συνθήκες
|2 nlgaf
|
| 651 |
|
7 |
|a Βαλκανική Χερσόνησος
|x Οικονομικές συνθήκες
|2 nlgaf
|
| 651 |
|
7 |
|a Βαλκανική Χερσόνησος
|x Πολιτική και διακυβέρνηση
|2 nlgaf
|
| 651 |
|
7 |
|a Λατινική Αμερική
|x Πολιτική και διακυβέρνηση
|y 20ός αιώνας
|2 nlgaf
|
| 651 |
|
7 |
|a Νότια Αμερική
|x Κοινωνικές συνθήκες
|2 nlgaf
|
| 651 |
|
7 |
|a Νότια Αμερική
|x Οικονομικές συνθήκες
|2 nlgaf
|
| 651 |
|
7 |
|a Νότια Αμερική
|x Πολιτική και διακυβέρνηση
|y 20ός αιώνας
|2 nlgaf
|
| 700 |
1 |
|
|a Καπετανγιάννης, Βασίλης
|e μεταφραστής.
|
| 942 |
|
|
|2 ddc
|
| 952 |
|
|
|0 0
|1 0
|2 ddc
|4 0
|6 306_200000000000000_ΜΟΥ
|7 0
|9 256398
|a LISK
|b LISK
|c BSC
|d 2021-01-17
|e 24
|f 0
|g 0.00
|l 0
|o 306.2 ΜΟΥ
|p 92410010065
|r 2021-01-17 00:00:00
|t 1
|w 2021-01-17
|y BK15
|x 19991024 0 1
|x GrPaTEI
|
| 952 |
|
|
|0 0
|1 0
|2 ddc
|4 0
|6 306_200000000000000_ΜΟΥ
|7 0
|9 256399
|a LISK
|b LISK
|c BSC
|d 2021-01-17
|e 24
|f 0
|g 0.00
|l 0
|o 306.2 ΜΟΥ
|p 92410018436
|r 2021-01-17 00:00:00
|t 1
|w 2021-01-17
|y BK15
|x 20010924 0 1
|x GrPaTEI
|
| 971 |
|
|
|a .b23494670
|b 03-09-20
|c 16-09-15
|
| 999 |
|
|
|c 150117
|d 150117
|